Los cipreses creen en Dios

Guardat en:
Dades bibliogràfiques
Autor principal: Gironella, José María (Autor)
Format: Llibre
Idioma:espanyol
Publicat: Barcelona Planeta 1988
Edició:6a. ed
Col·lecció:Colección Popular
Matèries:
Etiquetes: Afegir etiqueta
Sense etiquetes, Sigues el primer a etiquetar aquest registre!

MARC

LEADER 00000cam a2200000 a 4500
001 UCE9727
003 CL-VaPUC
008 151106e19880000sp |||||||||||||||||spa|d
020 |a 8432028010 
082 0 4 |a 863  |b GIR  |2 21 
100 0 |a Gironella, José María  |e author  |9 377022 
245 1 4 |a Los cipreses creen en Dios 
250 |a 6a. ed 
300 |a 761 p 
942 |c BK 
945 |d 20151106 14:16:00  |a dcastane 
260 |a Barcelona  |b Planeta  |c 1988 
650 0 |a Novelas españolas  |9 265052 
650 0 |a Literatura española  |9 306261 
650 0 |a Guerra civil  |9 320243 
583 |a last modification  |c 20151106 14:16:00  |k Rodrigo Vera 
490 0 |a Colección Popular 
999 |c 361372  |d 361370 
952 |0 0  |1 0  |3 erb  |4 0  |6 863_000000000000000_GIR_1988  |7 0  |8 A  |9 471814  |a BIBEDU  |b BIBEDU  |i 5210364  |o 863 GIR 1988  |p 5210364  |r 2019-11-24  |w 2019-11-24  |y BK  |z Catalogado en:20151106  |k EDU